000 00618nam a2200229Ia 4500
003 OSt
005 20221007064214.0
006 a|||||r|||| 00| 0
007 ta
008 221006b |||||||| |||| 00| 0 eng d
024 _a28,543
037 _cTextual
040 _aFLL
_cFLL
_beng
041 _2eng
_aeng
082 _aZ73:8813, K0;1
100 _aKurland Philip B.
245 0 _aSupreme Court review
260 _aChicago
_bThe University of Chicago Press Chicago
_c1960
300 _aix,326p
_ccm.
942 _hZ73:8813, K0;1
_cTEXL
_2CC
999 _c1133259
_d1133259